00568cam a22001577a 450000500170000000800410001701000100005801100100006803500100007810000290008824501120011750000910022965000220032065000370034270000310037920220329141240.0971010s r 00010 d a65133 a66105 a7405700aSánchez Loera, Sergio. 0aSelección y características de durazneros (Prunus persica L. Batsch) sometidos a tres rangos de humedad aSobretiro de : Rivista di Agricultura Subtropicale e Tropicale 81 (1-2): 147-164, 198714aDuraznoxHumedad.14aDuraznoxResistencia a sequía.0 aBorys, Michal Wlodzimierz.